Ekonomické prínosy futbalových podujatí v kontexte športového cestovného ruchu diplomová práca

Na minha lista:
Detalhes bibliográficos
Autor principal: Zeman, Stanislav
Autor Corporativo: Obchodná fakulta EU. Katedra cestovného ruchu
Outros Autores: Fodranová, Iveta, 1959-
Formato: Livro
Idioma:eslovaco
Publicado em: Bratislava 2025
Tags: Adicionar Tag
Sem tags, seja o primeiro a adicionar uma tag!

MARC

LEADER 00000nbm a2200000 4500
001 0310126
005 20251118115340.1
041 0 |a slo 
044 |a SK 
245 1 0 |a Ekonomické prínosy futbalových podujatí v kontexte športového cestovného ruchu  |b diplomová práca  |c Stanislav Zeman ; školiteľ: Iveta Fodranová 
264 1 |a Bratislava  |c 2025 
300 |a 77 s. 
100 1 |a Zeman, Stanislav 
700 1 |a Fodranová, Iveta, 1959- 
710 2 |a Obchodná fakulta EU. Katedra cestovného ruchu